Catálogo

El arte de educar : (Registro nro. 25772)

Detalles MARC
000 -LEADER
fixed length control field 01430cam a2200373 i 4500
001 - CONTROL NUMBER
control field 25772
003 - CONTROL NUMBER IDENTIFIER
control field Mx-PuUPA
005 - DATE AND TIME OF LATEST TRANSACTION
control field 20250124075205.0
008 - FIXED-LENGTH DATA ELEMENTS--GENERAL INFORMATION
fixed length control field 140415s2014 sp gr 000 0 spa d
020 ## - INTERNATIONAL STANDARD BOOK NUMBER
International Standard Book Number 9788490550267
040 ## - CATALOGING SOURCE
Original cataloging agency Mx-PuUPA
Language of cataloging spa
Transcribing agency Mx-PuUPA
Modifying agency Mx-PuUPA
Description conventions rda
041 1# - LANGUAGE CODE
Language code of text/sound track or separate title spa
Language code of original ita
100 1# - MAIN ENTRY--PERSONAL NAME
Personal name Nembrini, Franco,
Relator term autor
9 (RLIN) 16654
240 10 - UNIFORM TITLE
Uniform title Di padre in figlio.
Language of a work Español
245 13 - TITLE STATEMENT
Title El arte de educar :
Remainder of title de padres a hijos /
Statement of responsibility, etc. Franco Nembrini ; traducción, Silvia Guerrero Fontana ; prólogo del Cardenal Camillo Ruini ; prólogo a la edición española de José María Alvira Duplá
250 ## - EDITION STATEMENT
Edition statement Segunda edición
264 #1 - PRODUCTION, PUBLICATION, DISTRIBUTION, MANUFACTURE, AND COPYRIGHT NOTICE
Place of production, publication, distribution, manufacture Madrid :
Name of producer, publisher, distributor, manufacturer Ediciones Encuentro,
Date of production, publication, distribution, manufacture, or copyright notice ©2014
300 ## - PHYSICAL DESCRIPTION
Extent 255 páginas ;
Dimensions 23 cm
336 ## - CONTENT TYPE
Fuente rdacontent
Content type term texto
Content type code txt
337 ## - MEDIA TYPE
Source rdamedia
Media type term sin medio
Media type code n
338 ## - CARRIER TYPE
Source rdacarrier
Carrier type term volumen
Carrier type code nc
490 0# - SERIES STATEMENT
Series statement Colección Ensayos ;
Volume/sequential designation 154
490 0# - SERIES STATEMENT
Series statement Educación
650 #7 - SUBJECT ADDED ENTRY--TOPICAL TERM
Source of heading or term armarc
Topical term or geographic name entry element Educación cristiana de niños
650 #7 - SUBJECT ADDED ENTRY--TOPICAL TERM
Source of heading or term armarc
Topical term or geographic name entry element Padres e hijos
General subdivision Catequesis
650 #7 - SUBJECT ADDED ENTRY--TOPICAL TERM
Source of heading or term armarc
Topical term or geographic name entry element Educación de niños
700 ## - ADDED ENTRY--PERSONAL NAME
Personal name traducción, Silvia Guerrero Fontana ;
700 1# - ADDED ENTRY--PERSONAL NAME
Personal name Ruini, Camillo,
Relator term prologuista
700 1# - ADDED ENTRY--PERSONAL NAME
Personal name Alvira Duplá, José María,
Relator term prologuista
942 ## - ADDED ENTRY ELEMENTS (KOHA)
Source of classification or shelving scheme Dewey Decimal Classification
Koha item type Libro
Classification part 268.432
Item part N43
Existencias
Withdrawn status Lost status Source of classification or shelving scheme Damaged status Not for loan Collection code Home library Current library Shelving location Date acquired Source of acquisition Cost, normal purchase price Total Checkouts Full call number Barcode Date last seen Date last checked out Cost, replacement price Price effective from Koha item type
    Dewey Decimal Classification     General Biblioteca Karol Wojtyla Biblioteca Karol Wojtyla Sala general 17/01/2025 11 480.42 2 268.432 N43 2014 105820 23/02/2026 12/02/2026 480.42 17/01/2025 Libro